000 01314cam a2200337 i 4500
001 2045
003 BD-RjUL
005 20211208233454.0
008 131210r19821975enk b 101 0 eng d
020 _a0710080492 :
020 _a0710080506 (pbk.)
035 _a(BD-RjUL)2072
040 _aDLC
_cDLC
_dDLC
_dBD-RjUL
_beng
041 _aeng
082 0 0 _a330.98003
_bBEY 1982
245 0 0 _aBeyond the sociology of development :
_beconomy and society in Latin America and Africa /
_cedited by Ivar Oxaal, Tony Barnett, David Booth.
260 _aLondon ;
_aBoston :
_bRoutledge & Paul,
_c1975 [reprinted 1982].
300 _a295 p. ;
_c23 cm.
490 0 _aInternational library of sociology
500 _aMost of the papers were presented in earlier versions at a weekend conference sponsored by the Dept. of Sociology and Social Anthropology, University of Hull in Nov., 1973.
504 _aIncludes bibliographical references and index.
650 0 _aEconomic development
_xSociological aspects.
_96694
651 0 _aLatin America
_xEconomic conditions
_y1945-
_96695
651 0 _aAfrica
_xEconomic conditions
_y1960-
_96696
700 1 _aOxaal, Ivar.
_96697
700 1 _aBarnett, Tony.
_96698
700 1 _aBooth, David,
_d1945-
_96699
942 _2ddc
_cBK
999 _c2045
_d2045